عرض عادي
عرض مارك
- Banach-Raum.
مدخل مصطلح موضوعي
001 - رقم الضبط
- حقل الضبط: 39020
003 - معرف رقم الضبط
- حقل الضبط: OSt
005 - تاريخ ووقت أخر عملية
- حقل الضبط: 20131102133114.0
008 - عناصر بيانات ثابتة الطول
- حقل تحكم ثابت الطول: 131102|||a|||||| | ||| d
040 ## - مصدر الفهرسة
- هيئة الفهرسة الأصلية: OSt
- وكالة الكتابة: OSt
150 ## - مدخل-- مصطلح تاريخي
- عنصر مدخل المصطلح الموضوعي او الاسم الجغرافي: Banach-Raum.
670 ## - بيانات المصدر موجوده
- الاستشهاد بالمصدر: Work cat.: (OSt)0: Nonlinear differential equations of monotone types in Banach spaces /, c2010.
